Online
Catalog

Verdad y reconciliación : (Record no. 569)

MARC details
000 -CABECERA
campo de control de longitud fija 01258nam a2200253 a 4500
001 - NÚMERO DE CONTROL
campo de control 000000571
005 - FECHA Y HORA DE LA ÚLTIMA TRANSACCIÓN
campo de control 20250916134336.0
008 - DATOS DE LONGITUD FIJA--INFORMACIÓN GENERAL
campo de control de longitud fija 081209s2008 dr a 000 0 spa d
040 ## - FUENTE DE LA CATALOGACIÓN
Centro catalogador/agencia de origen DO-SdBNP
Lengua de catalogación spa
Centro/agencia transcriptor BNPHU
082 ## - NÚMERO DE LA CLASIFICACIÓN DECIMAL DEWEY
Número de clasificación 320.11
Número de documento/Ítem E77v
100 1# - ENTRADA PRINCIPAL--NOMBRE DE PERSONA
Nombre de persona Espinal Báez, Nelson
9 (RLIN) 1883
245 10 - MENCIÓN DE TÍTULO
Título Verdad y reconciliación :
Resto del título reflexiones para un nuevo contrato social /
Mención de responsabilidad, etc. Nelson Espinal Báez.
260 ## - PUBLICACIÓN, DISTRIBUCIÓN, ETC.
Lugar de publicación, distribución, etc. Santo Domingo :
Nombre del editor, distribuidor, etc. FINJUS,
Fecha de publicación, distribución, etc. 2008.
300 ## - DESCRIPCIÓN FÍSICA
Extensión xiii, 90 p. :
Otras características físicas il. ;
Dimensiones 26 cm.
500 ## - NOTA GENERAL
Nota general El autor es miembro del Programa de Negociación de Conflictos Públicos de la Universidad de Harvard y el MIT
500 ## - NOTA GENERAL
Nota general Incluye referencias bibliográficas y notas al pie de las páginas
505 0# - NOTA DE CONTENIDO CON FORMATO
Título Agradecimientos --
-- Presentación --
-- Dedicatoria --
-- Introducción --
-- La imagen de enemigo --
-- Paz, conflicto y violencia --
-- Sistema de justicia --
-- Modelo verdad y reconciliación. Caso africano del sur --
-- Epílogo --
-- Referencias bibliográficas --
-- Sobre el autor.
590 ## - NOTA LOCAL (RLIN)
Nota local Inventariado,2018/DG
650 #4 - PUNTO DE ACCESO ADICIONAL DE MATERIA--TÉRMINO DE MATERIA
Término de materia o nombre geográfico como elemento de entrada Contrato social
9 (RLIN) 1884
650 #4 - PUNTO DE ACCESO ADICIONAL DE MATERIA--TÉRMINO DE MATERIA
Término de materia o nombre geográfico como elemento de entrada Conflictos internacionales
9 (RLIN) 1885
650 #0 - PUNTO DE ACCESO ADICIONAL DE MATERIA--TÉRMINO DE MATERIA
Término de materia o nombre geográfico como elemento de entrada Violencia
9 (RLIN) 1750
710 2# - PUNTO DE ACCESO ADICIONAL--NOMBRE DE ENTIDAD CORPORATIVA
Nombre de entidad corporativa o nombre de jurisdicción como elemento de entrada Fundación Institucionalidad y Justicia (República Dominicana)
9 (RLIN) 1886
910 ## - DATOS DE OPCIÓN DEL USUARIO (OCLC)
Datos de opción del usuario Validado. Control de calidad MFF
Holdings
Estado de retiro Estado de pérdida Restricciones de uso No para préstamo Código de colección Localización permanente Ubicación/localización actual Ubicación en estantería Fecha de adquisición Número de inventario Total de préstamos Signatura topográfica completa Código de barras Fecha visto por última vez Precio válido a partir de Tipo de ítem Koha Número de copia
    Préstamo restringido Excluido de préstamo Patrimonio Dominicano Biblioteca Nacional Pedro Henríquez Ureña Biblioteca Nacional Pedro Henríquez Ureña Depósito 20.08.2009 LF1   320.11 E77v 571-10 25.06.2020 25.06.2020 Libros y folletos  
    Préstamo restringido Excluido de préstamo Patrimonio Dominicano Biblioteca Nacional Pedro Henríquez Ureña Biblioteca Nacional Pedro Henríquez Ureña Depósito 20.08.2009 LF1   320.11 E77v 571-20 25.06.2020 25.06.2020 Libros y folletos e.2
    Préstamo restringido   Patrimonio Dominicano Biblioteca Nacional Pedro Henríquez Ureña Biblioteca Nacional Pedro Henríquez Ureña Depósito 20.08.2009 LF1   320.11 E77v 571-30 25.06.2020 25.06.2020 Libros y folletos e.3

Powered by Koha